[Event "NED-ch op U18"]
[Site "Enschede"]
[Date "2010.08.10"]
[Round "2"]
[White "Roorda, Thijs"]
[Black "Mulder, Ruward"]
[Result "1-0"]
[WhiteElo "2022"]
[BlackElo "1251"]
[PlyCount "66"]
[EventDate "2010.08.09"]
[EventType "swiss"]
[EventRounds "9"]
[EventCountry "NED"]
[SourceTitle "CBM 137 Extra"]
[Source "ChessBase"]
[SourceDate "2010.09.01"]
[SourceVersion "1"]
[SourceVersionDate "2010.09.01"]
[SourceQuality "1"]

1. e4 c6 2. d4 d5 3. exd5 cxd5 4. Bd3 Nf6 5. c3 Bg4 6. Ne2 Nc6 7. Bf4 e6 8. a4 Qa5 9. f3 Bh5 10. b4 Bxb4 11. cxb4 Qxb4+ 12. Bd2 Qd6 13. Na3 a6 14. Nc2 0-0 15. 0-0 Rfe8 16. Rb1 Rab8 17. Nb4 Rbc8 18. Nxc6 Qxc6 19. Qb3 Bg6 20. Bxg6 hxg6 21. Rfc1 Qd7 22. a5 Rxc1+ 23. Nxc1 e5 24. dxe5 Rxe5 25. Qxb7 Qa4 26. Nb3 Re2 27. Qxa6 Rxd2 28. Nxd2 Qd4+ 29. Kh1 Qxd2 30. Qc8+ Kh7 31. Qh3+ Nh5 32. g4 Qc2 33. Rg1 Qb3 1-0